Sports Quiz

Random Sports Quiz

Pundit Arena Daily Sports Quiz Challenge – Day 355 Stats

 Plays Quiz not verified by Sporcle

Support Sporcle.
Go Orange.
Score 0/20 Timer 05:00
0 Plays Today
Hint Answer % Correct
All-time top goalscorer in Premier League historyAlan Shearer
95%
2021 Six Nations winnersWales
89.7%
Country that hosted the 2007 Rugby World CupFrance
88.9%
NFL team based in MiamiDolphins
86.9%
Premier League club who play their home games at Turf MoorBurnley
85.6%
Euro 2016 winnersPortugal
85.2%
Year Katie Taylor won an Olympic gold medal2012
84.9%
Manager who replaced Arsene Wenger at ArsenalUnai Emery
80.8%
Current Fulham managerScott Parker
79%
2004 Olympics were held in this cityAthens
77.7%
Hint Answer % Correct
Year Roger Federer won his first Grand Slam title2003
77.6%
Year Ireland beat Pakistan at their first ICC Cricket World Cup2007
74%
Europa League champions 2019/20Sevilla
70.5%
NBA team based in TorontoRaptors
66.8%
Golfer who won the 2014 OpenRory McIlroy
65.2%
Current Manchester United number 7Edinson Cavani
62.9%
Liverpool signed Naby Keita from this clubRB Leipzig
61.3%
2013 All-Ireland hurling championsClare
41.1%
English rugby club that play their home games at Sandy ParkExeter Chiefs
40.5%
Championship club nicknamed 'The Robins'Bristol City
38.2%

You're not logged in!

Compare scores with friends on all Sporcle quizzes.
OR
Log In

From the Vault

2014 Billboard Year End Hot 100

by sbme

It's been a good year to let things go and shake things off.
Remove Ads.
Support Sporcle.
Get the best of Sporcle when you Go Orange. This ad-free experience offers more features, more stats, and more fun while also helping to support Sporcle. Thank you for becoming a member.

Show Comments

Extras

Created Apr 17, 2021ReportNominate
Tags:arena, challenge, Daily, pundit

Top Quizzes Today


Score Distribution

Your Account Isn't Verified!

In order to create a playlist on Sporcle, you need to verify the email address you used during registration. Go to your Sporcle Settings to finish the process.

Report this User

Report this user for behavior that violates our Community Guidelines.

Details: